Predpoklady rozvoja vedomostne náročných aktivít v slovenskej ekonomike

Tvorba podmienok pre poznatkovo náročné aktivity. Slovensko aj napriek vysokej dynamike ekonomického rastu medzi krajinami EÚ, ktoré dosahujú najnižšiu ekonomickú výkonnosť. Rozvoj poznatkovo náročných aktivít podmienený úrovňou výdavkov na výskum a vývoj. Nárast počtu vysokých škôl v SR verzus stag...

Ausführliche Beschreibung

Gespeichert in:
Bibliographische Detailangaben
1. Verfasser: Fifeková, Elena
Format: Buchkapitel
Sprache:Slowakisch
Schlagworte:
Tags: Tag hinzufügen
Keine Tags, Fügen Sie das erste Tag hinzu!

MARC

LEADER 00000nla$a2200000$$$4500
001 0091770
005 20240502072026.5
041 0 |a slo 
044 |a SK 
245 1 0 |a Predpoklady rozvoja vedomostne náročných aktivít v slovenskej ekonomike  |c Elena Fifeková 
520 |a Tvorba podmienok pre poznatkovo náročné aktivity. Slovensko aj napriek vysokej dynamike ekonomického rastu medzi krajinami EÚ, ktoré dosahujú najnižšiu ekonomickú výkonnosť. Rozvoj poznatkovo náročných aktivít podmienený úrovňou výdavkov na výskum a vývoj. Nárast počtu vysokých škôl v SR verzus stagnácia kvality. Podpora rastu ľudského kapitálu - nárast počtu študentov na vysokých školách. Pozícia SR v oblasti kvalitatívnych výstupov voči EÚ 27. Pomalý rast zamestnanosti v technologicky náročnom sektore slovenskej ekonomiky. 
610 2 0 |a vzdelávanie 
610 2 0 |a vedomosti 
610 2 0 |a spoločnosť vedomostná 
610 2 0 |a kvalifikácia 
610 2 0 |a zdroje ľudské 
610 2 0 |a technológie informačné 
610 2 0 |a vývoj 
610 2 0 |a výskum 
610 2 0 |a výdavky 
610 2 0 |a Slovensko 
610 2 0 |a Európska únia 
100 1 |a Fifeková, Elena